Projektovanie výrobného systému v podniku Viena International, s.r.o.

Problematika návrhu výrobného systému. Analýza myšlienok návrhu výrobného systému v podniku Viena International, s.r.o. Firma Viena International, s.r.o. je pokračovateľom v tradícii výroby lisovacích nástrojov a strojných súčiastok v Turčianskom regióne. Účel projektovania výrobných systémov. Rozbo...

Descrizione completa

Salvato in:
Dettagli Bibliografici
Autore principale: Botka, Milan
Altri autori: Štefánik, Andrej, Šustr, Eduard
Natura: Capitolo di libro
Lingua:slovacco
Soggetti:
Tags: Aggiungi Tag
Nessun Tag, puoi essere il primo ad aggiungerne!!

MARC

LEADER 00000naa$a2200000$$$4500
001 0034813
005 20231018133154.4
041 0 |a slo 
044 |a SK 
245 1 0 |a Projektovanie výrobného systému v podniku Viena International, s.r.o.  |c Milan Botka, Andrej Štefánik, Eduard Šustr 
520 |a Problematika návrhu výrobného systému. Analýza myšlienok návrhu výrobného systému v podniku Viena International, s.r.o. Firma Viena International, s.r.o. je pokračovateľom v tradícii výroby lisovacích nástrojov a strojných súčiastok v Turčianskom regióne. Účel projektovania výrobných systémov. Rozbor súčiastkovej základne. Koncepcia logistiky a výroby. Kapacitné prepočty. Vyrianty výrobných a skladových dispozícií. Simulácia výrobného systému. Simulačný model. 
610 2 0 |a systémy výrobné 
610 2 0 |a projektovanie 
610 2 0 |a simulácia 
610 2 0 |a modely simulačné 
610 2 0 |a modely výroby 
100 1 |a Botka, Milan 
700 1 |a Štefánik, Andrej 
700 1 |a Šustr, Eduard